KOHA-Header-6

Digital Video Processing (Record no. 7687)

000 -LEADER
fixed length control field 00255nam a2200109Ia 4500
100 ## - MAIN ENTRY--AUTHOR NAME
Personal name A. Murat Tekalp
245 #0 - TITLE STATEMENT
Title Digital Video Processing
260 ## - PUBLICATION, DISTRIBUTION, ETC. (IMPRINT)
Place of publication USA
Name of publisher Education
Year of publication 1995
300 ## - PHYSICAL DESCRIPTION
Number of Pages 526
942 ## - ADDED ENTRY ELEMENTS (KOHA)
Koha item type Books
Holdings
Withdrawn status Lost status Collection code Permanent Location Current Location Shelving location Date acquired Full call number Accession Number Koha item type
    Electrical Engineering MAJU MAJU Shelf No.A25 2019-09-12 005.23 1696 Electrical Engineering

Powered by Koha